000 00598nam a2200229Ia 4500
003 OSt
005 20220912151305.0
006 a|||||r|||| 00| 0
007 ta
008 220909b |||||||| |||| 00| 0 eng d
024 _a19303
037 _cTextual
040 _aCSL
_beng
_cCSL
041 _aeng
082 _aY72:(V253:912), L6
100 _aSACHCHIDANANDA
245 0 _aThe Tribal voter in Bihar
260 _aNew Delhi
_b National
_c1976
300 _av,127p.
_ccm.
942 _hY72:(V253:912), L6
_cTEXL
_2CC
999 _c65393
_d65393